Viaje al centro de la tierra / (Registro nro. 7052)

Detalles MARC
000 -LEADER
fixed length control field 01057nam a22002657a 4500
003 - CONTROL NUMBER IDENTIFIER
control field OSt
005 - DATE AND TIME OF LATEST TRANSACTION
control field 20250612145017.0
008 - FIXED-LENGTH DATA ELEMENTS--GENERAL INFORMATION
fixed length control field 210106b2007 ck a|||jr|||| 00| 0 spa d
020 ## - INTERNATIONAL STANDARD BOOK NUMBER
International Standard Book Number 9789583001031
040 ## - CATALOGING SOURCE
Original cataloging agency CO-JMCR
Transcribing agency CO-JMCR
041 0# - LANGUAGE CODE
Language code of text/sound track or separate title spa
082 04 - DEWEY DECIMAL CLASSIFICATION NUMBER
Classification number J-N
Item number VERv1
Edition number 23
100 1# - MAIN ENTRY--PERSONAL NAME
Personal name Verne, Julio,
Relator term autor
9 (RLIN) 12707
245 10 - TITLE STATEMENT
Title Viaje al centro de la tierra /
Statement of responsibility, etc. Julio Verne
260 ## - PUBLICATION, DISTRIBUTION, ETC.
Place of publication, distribution, etc. Bogotá :
Name of publisher, distributor, etc. Panamericana,
Date of publication, distribution, etc. 2007
300 ## - PHYSICAL DESCRIPTION
Extent [265] páginas :
Other physical details ilustraciones a blanco y negro ;
Dimensions 21 cm.
490 ## - SERIES STATEMENT
Series statement Literatura juvenil
500 ## - GENERAL NOTE
General note Datos biográficos del autor en solapa frontal.
520 0# - SUMMARY, ETC.
Summary, etc. Esta obra publicada en 1864, parte de un antiguo criptograma descubierto en un manuscrito rúnico escrito por un alquimista inglés del siglo XVI, que dice haber penetrado por el cráter de un volcán extinguido de Islandia, hasta el centro de la tierra.
650 24 - SUBJECT ADDED ENTRY--TOPICAL TERM
Topical term or geographic name entry element Planetas
General subdivision Núcleo
9 (RLIN) 12708
650 24 - SUBJECT ADDED ENTRY--TOPICAL TERM
Topical term or geographic name entry element Viajes
General subdivision Imaginario
9 (RLIN) 12709
650 24 - SUBJECT ADDED ENTRY--TOPICAL TERM
Topical term or geographic name entry element Ciencia ficción
9 (RLIN) 671
650 24 - SUBJECT ADDED ENTRY--TOPICAL TERM
Topical term or geographic name entry element Ficción fantástica
9 (RLIN) 829
942 ## - ADDED ENTRY ELEMENTS (KOHA)
Source of classification or shelving scheme Dewey Decimal Classification
Koha item type Books
Existencias
Withdrawn status Lost status Source of classification or shelving scheme Damaged status Not for loan Home library Current library Shelving location Date acquired Source of acquisition Total Checkouts Full call number Barcode Date last seen Date last checked out Copy number Price effective from Koha item type
    Dewey Decimal Classification     Biblioteca Pública José María del Castillo y Rada Biblioteca Pública José María del Castillo y Rada General Stacks 12/16/2020 Donación 2 J-N VERv1 201810178 07/19/2024 07/19/2024 Ej.1 12/16/2020 Books